Statistiken für Deutsche Flughäfen mit den meisten Passagieren

Klicken Sie hier um das Quiz zu spielen!

Allgemein

  • Dieses Quiz wurde 3,709 mal gespielt
  • Das Durchschnittsergebnis liegt bei 15 aus 21

Antwortstatistiken

# Passagiere Flughafen % Korrekt
164,5 Mio.Frankfurt am Main
100%
244,6 MioMünchen
99%
517,6 Mio.Hamburg
97%
712,3 Mio.Köln / Bonn
95%
324,6 Mio.Düsseldorf
93%
811,0 Mio.Stuttgart
93%
132,4 Mio.Frankfurt-Hahn
87%
122,4 Mio.Leipzig / Halle
86%
420,5 Mio.Berlin-Tegel
83%
161,7 Mio.Dresden
83%
112,5 Mio.Bremen
82%
95,9 Mio.Hannover
82%
104,2 Mio.Nürnberg
80%
142,0 Mio.Dortmund
71%
612,9 Mio.Berlin-Schönefeld
58%
191,0 Mio.Münster / Osnabrück
46%
171,2 Mio.Karlsruhe / Baden-Baden
40%
20733 Tsd.Paderborn / Lippstadt
33%
151,9 Mio.Weeze
23%
181,2 Mio.Memmingen
21%
21514 Tsd.Friedrichshafen
20%

Verteilung der Resultate

Perzentil nach korrekt beantworteten Fragen

Anzahl Personen mit jedem Resultat

Ihre Resultats-Entwicklung

Sie haben dieses Quiz noch nicht gespielt